| 000 | 00771nam a2200217Ii 4500 | ||
|---|---|---|---|
| 003 | JO-AjNU | ||
| 008 | 230605s9999||||xx |||||||||||||| ||und|| | ||
| 017 | _a2001/1/35 | ||
| 040 |
_aJO-AjNU _bara _erda _cJO-AjNU |
||
| 041 | _aara | ||
| 050 | 1 | 4 | _aG155.H396 2001 |
| 100 | 3 |
_aتاليف الحوري، منى طه، م.مشارك إسماعيل محمد علي, _eauthor _950985 |
|
| 245 | 0 | 0 | _aمبادئ السفر والسياحة |
| 250 | _aط1 | ||
| 264 | 3 | 1 | _aعمان: مؤسسة الوراق للنشر والتوزيع، 2001 |
| 300 | _a233ص | ||
| 336 |
_atext _btxt _2rdacontent |
||
| 337 |
_aunmediated _bn _2rdamedia |
||
| 338 |
_avolume _bnc _2rdacarrier |
||
| 650 | 4 |
_aالسياحة - جوانب اقتصادية - السياحة - تخطيط _950986 |
|
| 999 |
_aA22493 _c26061 _d26061 |
||